| 000 -LEADER |
| fixed length control field |
00669nam a22001697a 4500 |
| 005 - DATE AND TIME OF LATEST TRANSACTION |
| control field |
20241009140806.0 |
| 008 - FIXED-LENGTH DATA ELEMENTS--GENERAL INFORMATION |
| fixed length control field |
241009b ||||| |||| 00| 0 eng d |
| 040 ## - CATALOGING SOURCE |
| Transcribing agency |
SSBUL |
| 082 ## - DEWEY DECIMAL CLASSIFICATION NUMBER |
| Edition number |
23 |
| Classification number |
၂၉၄.၃၅ ဉာ |
| Item number |
၁၃၁၆၁ S-SAT |
| 100 0# - MAIN ENTRY--PERSONAL NAME |
| Personal name |
ဉာဏဓဇ၊ ဦး |
| 9 (RLIN) |
54968 |
| 245 1# - TITLE STATEMENT |
| Title |
သာသနာ့ကာကွယ်ရေး / |
| Remainder of title |
ဦးဉာဏဓဇ။ |
| 260 ## - PUBLICATION, DISTRIBUTION, ETC. |
| Place of publication, distribution, etc. |
ရန်ကုန် ၊ |
| Name of publisher, distributor, etc. |
သာသနာရေးဦးစီး၊ |
| Date of publication, distribution, etc. |
၂၀၁၀။ |
| 300 ## - PHYSICAL DESCRIPTION |
| Extent |
င၊ ၁၀၂ စာမျက်နှာ ၊ |
| Other physical details |
၁၇ စင်တီ။ |
| 500 ## - GENERAL NOTE |
| General note |
S-SAT: Dr. Sai Aung Tun |
| 650 ## - SUBJECT ADDED ENTRY--TOPICAL TERM |
| Topical term or geographic name entry element |
ဗုဒ္ဓစာပေ |
| 942 ## - ADDED ENTRY ELEMENTS (KOHA) |
| Source of classification or shelving scheme |
|
| Koha item type |
Book (Short term) |